<?xml version="1.0" encoding="UTF-8"?>
<record
    xmlns:xsi="http://www.w3.org/2001/XMLSchema-instance"
    xsi:schemaLocation="http://www.loc.gov/MARC21/slim http://www.loc.gov/standards/marcxml/schema/MARC21slim.xsd"
    xmlns="http://www.loc.gov/MARC21/slim">

  <leader>02832nam a2200529Ia 4500</leader>
  <controlfield tag="001">1125</controlfield>
  <controlfield tag="008">241029s9999    xx            000 0 und d</controlfield>
  <datafield tag="010" ind1=" " ind2=" ">
    <subfield code="a">1036</subfield>
  </datafield>
  <datafield tag="041" ind1=" " ind2=" ">
    <subfield code="a">Espa&#xF1;ol</subfield>
  </datafield>
  <datafield tag="082" ind1=" " ind2=" ">
    <subfield code="a">MCETE - 221</subfield>
  </datafield>
  <datafield tag="245" ind1=" " ind2="0">
    <subfield code="a">Proyecto de Creaci&#xF3;n y Gesti&#xF3;n de una Guarder&#xED;a Infantil Privada en la Zona Sur del Municipio de Santiago de los Caballeros, A&#xF1;o 2006</subfield>
  </datafield>
  <datafield tag="260" ind1=" " ind2=" ">
    <subfield code="a">Santiago</subfield>
  </datafield>
  <datafield tag="300" ind1=" " ind2=" ">
    <subfield code="a">113</subfield>
  </datafield>
  <datafield tag="520" ind1=" " ind2=" ">
    <subfield code="a">27</subfield>
  </datafield>
  <datafield tag="630" ind1=" " ind2=" ">
    <subfield code="a">Gesti&#xF3;n</subfield>
  </datafield>
  <datafield tag="630" ind1=" " ind2=" ">
    <subfield code="a">Guarder&#xED;as</subfield>
  </datafield>
  <datafield tag="650" ind1=" " ind2=" ">
    <subfield code="a">Administraci&#xF3;n de la Educaci&#xF3;n</subfield>
  </datafield>
  <datafield tag="690" ind1=" " ind2=" ">
    <subfield code="a">Sintetizado</subfield>
  </datafield>
  <datafield tag="700" ind1=" " ind2=" ">
    <subfield code="e">asesor</subfield>
    <subfield code="a">Joaqu&#xED;n de Lowden, Rafaela</subfield>
  </datafield>
  <datafield tag="700" ind1=" " ind2=" ">
    <subfield code="e">autor</subfield>
    <subfield code="a">Coste C&#xE1;rdena, Jos&#xE9; Rafael</subfield>
  </datafield>
  <datafield tag="901" ind1=" " ind2=" ">
    <subfield code="a">{"1":"Coste C&#xE1;rdena"}</subfield>
    <subfield code="b">{"1":"Jos&#xE9; Rafael"}</subfield>
  </datafield>
  <datafield tag="902" ind1=" " ind2=" ">
    <subfield code="a">1</subfield>
  </datafield>
  <datafield tag="903" ind1=" " ind2=" ">
    <subfield code="a">{"1":"Joaqu&#xED;n de Lowden"}</subfield>
    <subfield code="b">{"1":"Rafaela"}</subfield>
  </datafield>
  <datafield tag="904" ind1=" " ind2=" ">
    <subfield code="a">Mag&#xED;ster en</subfield>
  </datafield>
  <datafield tag="905" ind1=" " ind2=" ">
    <subfield code="a">Ciencias de la Educaci&#xF3;n</subfield>
  </datafield>
  <datafield tag="906" ind1=" " ind2=" ">
    <subfield code="a">1</subfield>
  </datafield>
  <datafield tag="907" ind1=" " ind2=" ">
    <subfield code="a">Menci&#xF3;n en</subfield>
  </datafield>
  <datafield tag="908" ind1=" " ind2=" ">
    <subfield code="a">Administraci&#xF3;n Educativa</subfield>
  </datafield>
  <datafield tag="909" ind1=" " ind2=" ">
    <subfield code="a">Universidad Tecnol&#xF3;gica de Santiago (UTESA), Recinto Santiago</subfield>
  </datafield>
  <datafield tag="910" ind1=" " ind2=" ">
    <subfield code="a">NULL</subfield>
    <subfield code="b">NULL</subfield>
  </datafield>
  <datafield tag="911" ind1=" " ind2=" ">
    <subfield code="a">["1"]</subfield>
  </datafield>
  <datafield tag="912" ind1=" " ind2=" ">
    <subfield code="a">NO APLICA</subfield>
  </datafield>
  <datafield tag="913" ind1=" " ind2=" ">
    <subfield code="a">NULL</subfield>
  </datafield>
  <datafield tag="914" ind1=" " ind2=" ">
    <subfield code="a">03 de Abril de 2006</subfield>
  </datafield>
  <datafield tag="915" ind1=" " ind2=" ">
    <subfield code="a">NULL</subfield>
  </datafield>
  <datafield tag="916" ind1=" " ind2=" ">
    <subfield code="a">NULL</subfield>
  </datafield>
  <datafield tag="917" ind1=" " ind2=" ">
    <subfield code="a">NULL</subfield>
  </datafield>
  <datafield tag="918" ind1=" " ind2=" ">
    <subfield code="a">NO APLICA</subfield>
  </datafield>
  <datafield tag="919" ind1=" " ind2=" ">
    <subfield code="a">["111","113"]</subfield>
  </datafield>
  <datafield tag="520" ind1=" " ind2=" ">
    <subfield code="a">La investigaci&#xF3;n pretendi&#xF3; dise&#xF1;ar un proyecto de creaci&#xF3;n y gesti&#xF3;n de una guarder&#xED;a privada en la zona Sur del Municipio de Santiago. La investigaci&#xF3;n fue bibliogr&#xE1;fica y de campo y se fundament&#xF3; en el m&#xE9;todo deductivo. Las t&#xE9;cnicas utilizadas para la recolecci&#xF3;n de datos fueron las lecturas y an&#xE1;lisis de documentos relacionados con el tema y consultas en el Internet. El cuestionario fue el instrumento aplicado a la muestra representada por 93 habitantes de la zona Sur del municipio de Santiago.Entre las principales conclusiones de la investigaci&#xF3;n, se destaca que la mayor&#xED;a de los entrevistados estar&#xED;an de acuerdo de inscribir sus hijos en una instituci&#xF3;n de cuidados infantiles, que adem&#xE1;s de atenci&#xF3;n primaria, forme y eduque a sus ni&#xF1;os/as y &#xA0;para los clientes potenciales, el principal requisito de esta instituci&#xF3;n debe ser el servicio, la seguridad, calidad de la instalaci&#xF3;n y los equipos.La investigaci&#xF3;n recomienda a las personas e instituciones de la zona sur del Municipio de Santiago gestionar e impulsar la creaci&#xF3;n de una Guarder&#xED;a, pues los an&#xE1;lisis realizados indican que el proyecto es viable, lo que se expresa en las siguientes variables: tasa interna de retorno, relaci&#xF3;n beneficio costo, valor actual neto y punto de equilibrio y la demanda est&#xE1; en crecimiento durante el transcurrir del tiempo, lo que justifica la continuidad y solidez de la inversi&#xF3;n.</subfield>
  </datafield>
  <datafield tag="921" ind1=" " ind2=" ">
    <subfield code="a">11</subfield>
  </datafield>
  <datafield tag="922" ind1=" " ind2=" ">
    <subfield code="a">11</subfield>
  </datafield>
  <datafield tag="923" ind1=" " ind2=" ">
    <subfield code="a">0</subfield>
  </datafield>
  <datafield tag="924" ind1=" " ind2=" ">
    <subfield code="a">NO APLICA</subfield>
  </datafield>
  <datafield tag="942" ind1=" " ind2=" ">
    <subfield code="c">Tesis</subfield>
  </datafield>
  <datafield tag="999" ind1=" " ind2=" ">
    <subfield code="c">1036</subfield>
    <subfield code="d">1036</subfield>
  </datafield>
</record>
